| 000 | | | 03759nmc2a2200000 x 450 |
| 001 | | | c4618c79-c95b-4464-adc3-e49e8b0eae48 |
| 005 | | | 20171110045324.0 |
| 100 | ## | $a | 20160705l19031903k l0rusy0189 ca |
| 101 | 0# | $a | rus |
| 102 | ## | $a | RU |
| 200 | 1# | $a | Дело с обозрением преподавания в Харьковском университете на 1903-1904 учебный год |
| | $j | 8 июля - 8 декабря 1903 г. |
| 251 | ## | $c | Дело |
| 300 | ## | $a | Дело |
| 801 | #0 | $a | RU |
| | $b | РГИА |
| | $c | 20160705 |
| | $g | RCR |
| 801 | #1 | $a | RU |
| | $b | ГлавНИВЦ |
| | $c | 20160705 |
| | $2 | rusmarc |
| 801 | #2 | $a | RU |
| | $b | ПБ им. Б.Н. Ельцина |
| | $c | 20171110 |
| | $g | RCR |
| | $2 | rusmarc |
| 850 | ## | $a | РГИА |
| 852 | ## | $a | РГИА |
| | $e | Федеральное казенное учреждение "Российский государственный исторический архив" (РГИА) |
| | $j | 627 |
| 937 | ## | $h | РГИА |
| | $d | 12213498 |
| | $a | ASBIBLIO_SCAN |
| 462 | #0 | $1 | 0019ed54801-850e-4207-b35a-35ac1fed7064 |
| | $1 | 2001 |
| | $a | Дела разряда высших учебных заведений Департамента народного просвещения за 1899-1903 гг. |
| | $1 | 251 |
| | $c | Опись |
| | $1 | 852 |
| | $j | 151 |
| 461 | #0 | $1 | 001a74412a3-3cc5-4d21-8f0a-dfe2fbd9e72d |
| | $1 | 2001 |
| | $a | Департамент народного просвещения Министерства народного просвещения (1803-1917) |
| | $1 | 251 |
| | $c | Фонд |
| | $1 | 852 |
| | $j | 733 |
| 215 | ## | $a | 443 л. |
| | $d | 36,5х26 см |
| | $c | табл. |
| 371 | ## | $a | Документ не является опубликованным и широко распространяемым |
| 105 | ## | $a | a### |
| 122 | 2# | $a | d |
| 035 | ## | $a | c4618c79-c95b-4464-adc3-e49e8b0eae48 |
| 856 | ## | $u | http://readingroom.main.prlib.ru/item.aspx?id_node=n108821006&mode=full |